[Event "Titled Tue 20th May Late"]
[Site "chess.com INT"]
[Date "2025.05.20"]
[Round "11"]
[White "Zavortink, Matt"]
[Black "Myagmarsuren, Evsuld"]
[Result "1-0"]
[BlackTitle "FM"]
[WhiteElo "2135"]
[BlackElo "2292"]
[WhiteFideId "2034263"]
[BlackFideId "1551639"]
[EventDate "2025.05.20"]

1. e4 e5 2. Nf3 Nc6 3. Bb5 Nf6 4. O-O Nxe4 5. Re1 Nd6 6. Nxe5 Be7 7. Bf1 Nxe5 8.
Rxe5 O-O 9. d4 Bf6 10. Re1 Nf5 11. c3 d5 12. Bf4 Nd6 13. Bd3 Be6 14. Nd2 Bg5 15.
Be5 Re8 16. h3 Bf6 17. Bf4 h6 18. Qc2 Qd7 19. Nf3 c6 20. Re2 Bf5 21. Bxd6 Bxd3
22. Qxd3 Qxd6 23. Rae1 Qd7 24. Ne5 Bxe5 25. dxe5 a5 26. f4 a4 27. a3 g6 28. e6
Qc7 29. f5 Kg7 30. Qd4+ Kh7 31. Qg4 Rg8 32. exf7 Rg7 33. Re7 Qb6+ 34. Kh1 Rf8
35. fxg6+ Rxg6 36. Qe2 Qc5 37. Rf1 b5 38. Re8 Rg7 39. Rxf8 Qxf8 40. Qd3+ Kh8 41.
Qf3 Rh7 42. Qf6+ Rg7 43. Qxh6+ Rh7 44. Qf6+ Rg7 45. Rf4 1-0

[Event "Titled Tue 20th May Late"]
[Site "chess.com INT"]
[Date "2025.05.20"]
[Round "11"]
[White "Midonet, Matthieu"]
[Black "Shuvalov, Evgenij"]
[Result "1-0"]
[WhiteTitle "CM"]
[WhiteElo "2224"]
[BlackElo "1986"]
[WhiteFideId "26080575"]
[BlackFideId "4187237"]
[EventDate "2025.05.20"]

1. e4 e6 2. d4 d5 3. e5 c5 4. Qg4 Nc6 5. Nf3 Qa5+ 6. Bd2 Qb6 7. Nc3 Nxd4 8. Nxd4
cxd4 9. Nb5 Bd7 10. Nd6+ Bxd6 11. Qxg7 Qxb2 12. Rd1 Bb4 13. Qxh8 O-O-O 14. Bd3
Bb5 15. Qxh7 Ne7 16. O-O Bxd3 17. Qxd3 Bxd2 18. Qxd2 Nc6 19. Qf4 Rd7 20. h4 Qxc2
21. h5 Qh7 22. h6 d3 23. Qf6 Nd4 24. Qg7 Qf5 25. Rc1+ Rc7 26. Qf8+ Kd7 27. Rxc7+
Kxc7 28. Rc1+ Nc6 29. Qg7 d2 30. Rd1 Qc2 31. Qxf7+ Kb6 32. Qf3 Nd4 33. Qh5 Qd3
34. h7 Ne2+ 35. Kh1 Nf4 36. Qh2 Qc2 37. Rxd2 1-0

[Event "Titled Tue 20th May Late"]
[Site "chess.com INT"]
[Date "2025.05.20"]
[Round "11"]
[White "Ugarte Soto, Cesar"]
[Black "Arakhamia-Grant, Ketevan"]
[Result "1-0"]
[WhiteTitle "CM"]
[BlackTitle "GM"]
[WhiteElo "2088"]
[BlackElo "2262"]
[WhiteFideId "3601331"]
[BlackFideId "13600168"]
[EventDate "2025.05.20"]

1. d4 Nf6 2. Bf4 g6 3. e3 Bg7 4. h3 d6 5. Nf3 O-O 6. Be2 Nbd7 7. O-O Re8 8. c3
b6 9. a4 a6 10. Na3 Bb7 11. Nc4 Ne4 12. Bh2 e5 13. dxe5 dxe5 14. Qc2 f5 15. Rfd1
Qe7 16. Rxd7 Qxd7 17. Nfxe5 Qe7 18. Rd1 Rad8 19. Nf3 Ng5 20. Nxg5 Qxg5 21. Bf1
Bf3 22. Rxd8 Rxd8 23. Bf4 Qh5 24. gxf3 Qxf3 25. Nd2 Qc6 26. Nc4 b5 27. axb5 axb5
28. Na3 b4 29. Qb3+ Kh8 30. Qxb4 Bf6 31. Qc4 Qf3 32. Qxc7 Rd1 33. Qc8+ Kg7 34.
Qc7+ Kg8 35. Qc4+ Kg7 36. Nc2 Qxh3 37. Qe2 Rb1 38. Ne1 Qh4 39. Nd3 g5 40. Be5 g4
41. Bxf6+ Qxf6 42. Nf4 Qc6 43. Qc2 1-0

[Event "Titled Tue 20th May Late"]
[Site "chess.com INT"]
[Date "2025.05.20"]
[Round "11"]
[White "Piddubna, Bozhena"]
[Black "Pereyra, Horacio"]
[Result "1-0"]
[WhiteTitle "WFM"]
[WhiteElo "2174"]
[BlackElo "2133"]
[WhiteFideId "34109293"]
[BlackFideId "113700"]
[EventDate "2025.05.20"]

1. d4 g6 2. c4 Bg7 3. Nf3 d6 4. g3 Nd7 5. Bg2 e5 6. Nc3 Ne7 7. O-O Nc6 8. dxe5
Ndxe5 9. Nxe5 Nxe5 10. Qb3 O-O 11. Bf4 c6 12. Rfd1 Qc7 13. Ne4 Rd8 14. Bg5 Be6
15. Bxd8 Rxd8 16. Rac1 b5 17. Qb4 a5 18. Qe1 bxc4 19. Ng5 Bc8 20. b3 h6 21. Nf3
Nxf3+ 22. Bxf3 c3 23. Rxc3 Bxc3 24. Qxc3 c5 25. Bd5 Re8 26. Qf6 Be6 27. Bf3 Qd8
28. Qf4 d5 29. Qxh6 d4 30. Qc1 Qb6 31. e3 dxe3 32. Qxe3 Kg7 33. Qe5+ f6 34. Qc3
Re7 35. Kg2 Rc7 36. Qe3 Re7 37. Qf4 g5 38. Qa4 g4 39. Bxg4 f5 40. Bf3 Rf7 41.
Qh4 f4 42. Qg5+ Kf8 43. Rd8+ 1-0

[Event "Titled Tue 20th May Late"]
[Site "chess.com INT"]
[Date "2025.05.20"]
[Round "11"]
[White "Panarin, Mikhail"]
[Black "Hoeffer, David"]
[Result "1-0"]
[WhiteTitle "GM"]
[BlackTitle "FM"]
[WhiteElo "2562"]
[BlackElo "2295"]
[WhiteFideId "4153251"]
[BlackFideId "24606766"]
[EventDate "2025.05.20"]

1. e4 Nc6 2. Nf3 f5 3. exf5 d5 4. Bb5 Bxf5 5. Nd4 Bd7 6. Bxc6 bxc6 7. O-O Nf6 8.
Re1 c5 9. Nf3 Bg4 10. d3 e6 11. h3 Bxf3 12. Qxf3 Qd7 13. Qe2 Kf7 14. Nd2 Bd6 15.
Nf3 Rhf8 16. Ng5+ Kg8 17. Qxe6+ Qxe6 18. Rxe6 h6 19. Nf3 Rae8 20. Rxe8 Rxe8 21.
Kf1 g5 22. Bd2 Kf7 23. Re1 Rb8 24. b3 c4 25. dxc4 dxc4 26. Ne5+ Bxe5 27. Rxe5
cxb3 28. axb3 Rb6 29. Rc5 c6 30. Be3 Ra6 31. Bd4 Nd5 32. g3 Nb4 33. c3 Nd3 34.
Rf5+ Ke7 35. b4 Ra1+ 36. Ke2 Nc1+ 37. Ke3 Nb3 38. Bg7 Ke6 39. Rf6+ Kd5 40. Rxh6
Re1+ 41. Kf3 Nd2+ 42. Kg4 Ne4 43. Bd4 a5 44. bxa5 Ra1 45. f3 Nd6 46. Rg6 Nb5 47.
Rxg5+ Kc4 48. Rc5+ Kd3 49. Rxc6 Rxa5 50. h4 Ra8 51. Be5 Ke2 52. h5 Rg8+ 53. Kf5
Kxf3 54. h6 Rf8+ 55. Kg6 Na7 56. Rf6+ 1-0

[Event "Titled Tue 20th May Late"]
[Site "chess.com INT"]
[Date "2025.05.20"]
[Round "11"]
[White "Le, Quang Liem"]
[Black "Aravindh, Chithambaram VR."]
[Result "0-1"]
[WhiteTitle "GM"]
[BlackTitle "GM"]
[WhiteElo "2729"]
[BlackElo "2749"]
[WhiteFideId "12401137"]
[BlackFideId "5072786"]
[EventDate "2025.05.20"]

1. d4 Nf6 2. c4 e6 3. Nc3 Bb4 4. e3 O-O 5. Ne2 d5 6. a3 Be7 7. Nf4 c6 8. Be2
Nbd7 9. O-O dxc4 10. Bxc4 e5 11. dxe5 Nxe5 12. Ba2 Bf5 13. Qe2 Bd3 14. Nxd3 Qxd3
15. Rd1 Qxe2 16. Nxe2 Rfd8 17. Bd2 Nd3 18. Ba5 b6 19. Bc3 Ne4 20. Nd4 Ndxf2 21.
Rf1 Bf6 22. Rxf2 Nxf2 23. Kxf2 c5 24. Nf3 Bxc3 25. bxc3 Kf8 26. Bc4 Rd6 27. e4
Re8 28. e5 Rdd8 29. a4 g6 30. a5 Re7 31. Kg3 Kg7 32. h4 h6 33. Kf4 Rb8 34. Rb1
Reb7 35. Bd5 Re7 36. c4 Ree8 37. a6 Red8 38. Rb5 Rd7 39. Nd2 f5 40. h5 g5+ 41.
Kxf5 Rf8+ 42. Ke6 Rff7 43. Rb3 Rde7+ 44. Kd6 Rd7+ 45. Kc6 Rc7+ 46. Kb5 Rf2 47.
Ne4 Re2 48. e6 Ra2 0-1

[Event "Titled Tue 20th May Late"]
[Site "chess.com INT"]
[Date "2025.05.20"]
[Round "11"]
[White "Grzesik, Gracjan"]
[Black "Perez Rojas, Jorge"]
[Result "0-1"]
[WhiteTitle "CM"]
[BlackTitle "FM"]
[WhiteElo "2175"]
[BlackElo "2100"]
[WhiteFideId "1194593"]
[BlackFideId "3452093"]
[EventDate "2025.05.20"]

1. c4 e6 2. Nc3 d5 3. d4 c6 4. e4 dxe4 5. Nxe4 Bb4+ 6. Bd2 Qxd4 7. Bxb4 Qxe4+ 8.
Be2 Na6 9. Ba5 b6 10. Qd6 Bd7 11. Rd1 O-O-O 12. Bc3 Nh6 13. Qa3 Kb7 14. Nf3 Nf5
15. b4 f6 16. Qb2 e5 17. O-O Nh4 18. Nxh4 Qxh4 19. Rd6 Bc8 20. Qd2 Rxd6 21. Qxd6
Nc7 22. Bf3 Qxc4 23. Rc1 Nd5 24. Bd2 Qb5 25. Bxd5 Qxd5 26. Qe7+ Qd7 27. Qxd7+
Bxd7 28. Be3 Be6 29. Kf1 Rd8 30. Ke2 Bxa2 31. Rc2 Bb3 32. Rc3 Be6 33. f3 Rd5 34.
Bd2 Rb5 35. Rc2 Bf5 36. Rc1 Rd5 37. Ke3 Rd3+ 38. Ke2 Rd5 39. Ke3 Be6 40. Ke2 f5
41. Ke3 g6 42. Ke2 f4 43. g3 fxg3 44. hxg3 Bf5 45. Rh1 h5 46. Rh4 Rd4 47. Rh2 c5
48. bxc5 bxc5 49. Bc3 Rd5 50. Ke3 c4 0-1

[Event "Titled Tue 20th May Late"]
[Site "chess.com INT"]
[Date "2025.05.20"]
[Round "11"]
[White "Dauer, Andre Leonardo"]
[Black "Rees, Ioan"]
[Result "1-0"]
[WhiteTitle "CM"]
[BlackTitle "FM"]
[WhiteElo "2138"]
[BlackElo "2288"]
[WhiteFideId "2126915"]
[BlackFideId "1801236"]
[EventDate "2025.05.20"]

1. e4 e5 2. Nf3 Nc6 3. d4 exd4 4. Bc4 Nf6 5. e5 d5 6. Bb5 Nd7 7. O-O Be7 8. Bxc6
bxc6 9. Nxd4 Nb8 10. f4 c5 11. Nf3 O-O 12. Nc3 d4 13. Ne4 Qd5 14. Nc3 Qc6 15.
Ne2 Nd7 16. Ng3 f6 17. Qe2 Ba6 18. Qe1 Bxf1 19. Kxf1 fxe5 20. fxe5 Rxf3+ 21.
gxf3 Qxf3+ 22. Kg1 Rf8 23. Bd2 Bh4 24. e6 Nf6 25. e7 Re8 26. Qe6+ Kh8 27. Rf1
Qa8 28. Nf5 Qe4 29. Qxe4 Nxe4 30. Nxh4 Kg8 31. Bf4 Rxe7 32. Re1 g6 33. Nf3 Kf8
34. Ng5 Nxg5 35. Rxe7 Kxe7 36. Bxg5+ Ke6 37. Kf2 c4 38. Kf3 Kd5 39. h4 a5 40. a4
c6 41. Bd8 d3 42. cxd3 cxd3 43. Ke3 Kc4 44. Bxa5 c5 45. Bd2 h6 46. a5 g5 47.
hxg5 hxg5 48. a6 g4 49. a7 g3 50. Kf3 Kb3 51. a8=Q Kc2 52. Bc3 c4 53. Kxg3 d2
54. Bxd2 Kxd2 55. Qd5+ Kc2 56. Qxc4+ Kxb2 57. Kf3 Ka1 58. Qe2 Kb1 59. Ke3 Kc1
60. Kd3 Kb1 61. Kc3 Ka1 62. Qb2# 1-0

[Event "Titled Tue 20th May Late"]
[Site "chess.com INT"]
[Date "2025.05.20"]
[Round "11"]
[White "Nita, Lucian"]
[Black "Herrera Ortiz, Miguel"]
[Result "0-1"]
[BlackTitle "IM"]
[WhiteElo "2143"]
[BlackElo "2174"]
[WhiteFideId "1206923"]
[BlackFideId "5100550"]
[EventDate "2025.05.20"]

1. e4 e6 2. d3 d5 3. Nd2 Nf6 4. Ngf3 c5 5. Be2 Nc6 6. c3 Be7 7. e5 Nd7 8. d4 b6
9. O-O a5 10. Re1 Ba6 11. Bxa6 Rxa6 12. Qe2 Ra8 13. Nf1 O-O 14. Ng3 Rc8 15. a3
a4 16. Qb5 cxd4 17. cxd4 Na5 18. Qxa4 b5 19. Qxb5 Rb8 20. Qd3 Nb3 21. Rb1 Qa5
22. Bg5 Rfe8 23. Bxe7 Rxe7 24. Ng5 Nf8 25. Red1 Rc7 26. h4 Qa4 27. Nh5 Rbc8 28.
Nf3 Nc1 29. Qf1 Qc2 30. Ra1 Qxb2 31. Raxc1 Rxc1 32. Kh2 Rxd1 33. Qxd1 Qxf2 34.
Qa4 Ng6 35. Qd7 Rf8 36. Kh3 Qf1 37. Kg3 Qc1 38. a4 Qc3 39. Qb7 Qc8 40. Qb5 Qb8
41. a5 Qxb5 42. Nf4 Nxf4 43. Kxf4 Qxa5 44. h5 Qa1 45. g4 h6 46. g5 f6 47. exf6
gxf6 48. g6 e5+ 49. Kf5 Qb1+ 50. Ke6 e4 51. Nd2 Qb6+ 52. Kf5 Qxd4 53. Nf1 Qe5+
54. Kg4 Qg5+ 55. Kh3 f5 56. Ng3 f4 57. Nxe4 dxe4 58. Kh2 Qg3+ 59. Kh1 Rb8 0-1

[Event "Titled Tue 20th May Late"]
[Site "chess.com INT"]
[Date "2025.05.20"]
[Round "11"]
[White "Galchenko, Matvey"]
[Black "Roebers, Eline"]
[Result "1/2-1/2"]
[WhiteTitle "IM"]
[BlackTitle "IM"]
[WhiteElo "2442"]
[BlackElo "2361"]
[WhiteFideId "24175480"]
[BlackFideId "1058401"]
[EventDate "2025.05.20"]

1. f4 Nh6 2. e4 d5 3. exd5 Qxd5 4. Nc3 Qd8 5. d4 g6 6. Nf3 Bg7 7. Be3 O-O 8. h3
a6 9. Qd2 b5 10. g4 Bb7 11. Bg2 f5 12. Ne5 Bxg2 13. Qxg2 Ra7 14. O-O-O Nf7 15.
d5 Rb7 16. d6 Nxd6 17. gxf5 Rxf5 18. Ne4 Qc8 19. Ng5 e6 20. Nxh7 Bxe5 21. Qxg6+
Bg7 22. Rhg1 Ne8 23. Bd4 c5 24. Be5 Nc6 25. Ng5 Nxe5 26. Qh7+ Kf8 27. fxe5 Re7
28. Rdf1 Bxe5 29. Nxe6+ Qxe6 30. Rxf5+ Rf7 31. Rg8+ Ke7 32. Qh4+ Bf6 33. Qf2
Qxf5 34. Qxf5 Bxb2+ 35. Kxb2 Rxf5 36. h4 Rh5 37. Rg4 Nf6 38. Rg7+ Ke6 39. Ra7
Rxh4 40. Rxa6+ Ke5 41. Rb6 b4 42. a3 Nd5 43. Rb8 Kd4 44. axb4 cxb4 45. Rg8 Rh3
46. Rg4+ Kc5 47. Rg8 Rc3 48. Rc8+ Kd4 49. Rd8 Rc5 50. Rh8 Ne3 51. Rh4+ Kd5 52.
Rxb4 Nxc2 53. Rh4 Nd4 54. Rh5+ Kd6 55. Rxc5 Kxc5 1/2-1/2

[Event "Titled Tue 20th May Late"]
[Site "chess.com INT"]
[Date "2025.05.20"]
[Round "11"]
[White "Bernadskiy, Vitaliy"]
[Black "Praggnanandhaa, R"]
[Result "0-1"]
[WhiteTitle "GM"]
[BlackTitle "GM"]
[WhiteElo "2523"]
[BlackElo "2758"]
[WhiteFideId "14100371"]
[BlackFideId "25059530"]
[EventDate "2025.05.20"]

1. e4 d5 2. exd5 Qxd5 3. Nc3 Qa5 4. d4 Bf5 5. Nf3 e6 6. Bd3 Bxd3 7. Qxd3 Nf6 8.
O-O Be7 9. Bg5 c6 10. Ne5 Qd8 11. Rfe1 Nbd7 12. Qg3 O-O 13. Rad1 Kh8 14. Rd3 Ng8
15. Bf4 Ngf6 16. Bg5 Ng8 17. Bc1 Bb4 18. Qf4 Ngf6 19. Rh3 Bxc3 20. bxc3 Nxe5 21.
dxe5 Ng8 22. Ba3 Re8 23. Qxf7 Qd2 24. Rf1 Qxc2 25. Rg3 g6 26. Rh3 g5 27. Qxb7
Rab8 28. Qxc6 Rb1 29. g4 Reb8 30. Bb4 a5 31. Qc7 Rxf1+ 32. Kxf1 Qb1+ 33. Kg2
Qe4+ 34. Kf1 Rb7 35. Qxa5 Rf7 36. Rg3 Qc2 37. Bc5 Qd1+ 38. Kg2 Qd5+ 39. Kh3 Rxf2
40. Qb6 Rxa2 41. Bd4 Qc4 42. Qd8 Qe2 43. Qf8 Qxh2# 0-1

[Event "Titled Tue 20th May Late"]
[Site "chess.com INT"]
[Date "2025.05.20"]
[Round "11"]
[White "Dogan, Mire Deniz"]
[Black "Platzgummer, Fabian"]
[Result "0-1"]
[WhiteTitle "FM"]
[BlackTitle "IM"]
[WhiteElo "2089"]
[BlackElo "2295"]
[WhiteFideId "6317456"]
[BlackFideId "1617222"]
[EventDate "2025.05.20"]

1. e4 c6 2. d4 d5 3. exd5 cxd5 4. Bd3 Nf6 5. Bf4 Nc6 6. c3 Bg4 7. Qb3 Qb6 8. Na3
Qxb3 9. axb3 Rc8 10. h3 Bh5 11. Ne2 Bg6 12. Bxg6 hxg6 13. b4 e6 14. Nc1 Ne4 15.
f3 Nd6 16. Nd3 b6 17. Kf2 Be7 18. Rhe1 g5 19. Bg3 Kd7 20. Ne5+ Nxe5 21. Bxe5 Nf5
22. Nb5 Ra8 23. g4 Nh4 24. Kg3 f6 25. Bc7 a6 26. Bxb6 axb5 27. Ra5 Kc6 28. Rxe6+
Kd7 29. Re2 Bd6+ 30. Kf2 Ng6 31. Bc5 Bc7 32. Rxb5 Rxh3 33. Rb7 Rh2+ 34. Ke1 Ra1+
35. Kd2 Rxe2+ 36. Kxe2 Nf4+ 37. Kd2 Kc6 38. Ra7 Rxa7 39. Bxa7 Kb5 40. Bc5 Kc4
41. Kc2 g6 42. b3+ Kb5 43. Be7 f5 44. Bxg5 fxg4 45. Bxf4 gxf3 46. Be3 g5 47. Kd3
g4 48. Bg1 Bf4 49. c4+ Kxb4 50. c5 Kb5 51. b4 g3 0-1

[Event "Titled Tue 20th May Late"]
[Site "chess.com INT"]
[Date "2025.05.20"]
[Round "11"]
[White "Obregon Rivero, Juan Carlos"]
[Black "Deac, Bogdan-Daniel"]
[Result "1-0"]
[WhiteTitle "GM"]
[BlackTitle "GM"]
[WhiteElo "2476"]
[BlackElo "2668"]
[WhiteFideId "3507815"]
[BlackFideId "1226380"]
[EventDate "2025.05.20"]

1. Nf3 d5 2. g3 Nf6 3. Bg2 e6 4. O-O Be7 5. c4 O-O 6. b3 b6 7. Bb2 Bb7 8. e3 c5
9. Nc3 Qc8 10. Qe2 Rd8 11. d3 Nc6 12. Ne1 d4 13. Nd1 dxe3 14. fxe3 Qd7 15. Nc3
Ne5 16. Rd1 Bxg2 17. Nxg2 Ng6 18. Nf4 Qc6 19. Nh5 Nxh5 20. Qxh5 f6 21. d4 cxd4
22. exd4 Rd7 23. d5 Bc5+ 24. Kg2 exd5 25. Nxd5 Re8 26. Qf3 Rd6 27. Rfe1 Ne5 28.
Bxe5 fxe5 29. Rf1 h6 30. Qe4 Bd4 31. a4 a6 32. Rfe1 Rde6 33. Rc1 Qd6 34. Rf1 Kh8
35. Rf7 Rf8 36. Rcf1 Ree8 37. Ne7 Rxf7 38. Rxf7 Qe6 39. Ng6+ Kg8 40. Rf3 Rd8 41.
h4 Re8 42. h5 Qd6 43. Qf5 Rd8 44. Qf7+ Kh7 45. Nf8+ Kh8 46. Ne6 Rg8 47. Nf8 e4
48. Ng6+ Kh7 49. Rf4 Bc5 50. Qf5 Qd2+ 51. Kh3 1-0

[Event "Titled Tue 20th May Late"]
[Site "chess.com INT"]
[Date "2025.05.20"]
[Round "11"]
[White "Drygalov, Andrey"]
[Black "Ghimoyan, Narek"]
[Result "0-1"]
[WhiteTitle "GM"]
[BlackTitle "CM"]
[WhiteElo "2431"]
[BlackElo "2273"]
[WhiteFideId "24171735"]
[BlackFideId "13315412"]
[EventDate "2025.05.20"]

1. e4 e6 2. d4 d5 3. Nc3 Nf6 4. e5 Nfd7 5. f4 c5 6. Nf3 Nc6 7. Ne2 Be7 8. Be3
O-O 9. g3 a5 10. h4 Qb6 11. Rb1 cxd4 12. Nexd4 Nxd4 13. Nxd4 Nc5 14. Bg2 Qa6 15.
Qe2 Bd7 16. Qxa6 Rxa6 17. b3 Rc8 18. Ke2 Ne4 19. Bxe4 dxe4 20. c4 Bc5 21. Rhd1
Bxd4 22. Rxd4 Bc6 23. Rbd1 Raa8 24. a4 h5 25. Kf2 Kh7 26. g4 hxg4 27. Kg3 f5 28.
exf6 gxf6 29. Rd6 Re8 30. Kxg4 Rg8+ 31. Kh3 Rg7 32. Rg1 Rxg1 33. Bxg1 Rg8 34.
Be3 Kg6 35. Rxe6 Bd7 36. f5+ Kxf5 37. Re7 Bc8 38. h5 Rd8 39. Kg2 Rd3 40. Kf2
Rxb3 41. h6 Rb2+ 42. Ke1 Rh2 43. Rg7 Be6 44. Rxb7 Bxc4 45. h7 Kg4 46. Bd4 e3 47.
Bxe3 Bd3 48. Bd4 Bxh7 49. Bxf6 Bd3 50. Kd1 Kf3 51. Be5 Ke4 0-1

[Event "Titled Tue 20th May Late"]
[Site "chess.com INT"]
[Date "2025.05.20"]
[Round "11"]
[White "Shubenkova, Veronika"]
[Black "Logozar, Elijah"]
[Result "0-1"]
[WhiteTitle "WFM"]
[WhiteElo "2024"]
[BlackElo "1945"]
[WhiteFideId "44124040"]
[BlackFideId "30963788"]
[EventDate "2025.05.20"]

1. d4 d5 2. e3 Nf6 3. f4 c5 4. Nf3 Nc6 5. c3 Bg4 6. Nbd2 e6 7. Be2 Bd6 8. Ne5
Bxe2 9. Qxe2 O-O 10. O-O Rc8 11. b3 Qb6 12. Bb2 Rfd8 13. Rac1 a6 14. h3 Ne7 15.
Nd3 cxd4 16. exd4 Nf5 17. Rfe1 Ng3 18. Qf3 Nge4 19. Nf1 Qa5 20. a4 Nxc3 21. b4
Bxb4 22. Nxb4 Qxb4 23. Bxc3 Qxa4 24. Nd2 b5 25. Qd3 b4 26. Bb2 Qa2 27. Qb3 Qa5
28. Rxc8 Rxc8 29. Rc1 Rxc1+ 30. Bxc1 Qb5 31. Kf2 a5 32. Qc2 h5 33. Qc8+ Kh7 34.
Qc2+ g6 35. Qc7 Kg7 36. Nf3 Ne4+ 37. Kg1 Qc4 38. Qe5+ f6 39. Qxe6 Qxc1+ 40. Kh2
Qxf4+ 41. Kh1 Qd6 42. Qc8 a4 43. Qb7+ Kh6 44. Qa8 Qd7 45. Qh8+ Qh7 46. Qf8+ Qg7
47. Qxb4 g5 48. Qxa4 g4 49. Nh4 Qg5 50. Qd7 Qc1+ 51. Kh2 g3# 0-1

[Event "Titled Tue 20th May Late"]
[Site "chess.com INT"]
[Date "2025.05.20"]
[Round "11"]
[White "Moosavifar, Seyed Abolfazl"]
[Black "Haug, Havard"]
[Result "0-1"]
[WhiteTitle "FM"]
[BlackTitle "FM"]
[WhiteElo "2303"]
[BlackElo "2354"]
[WhiteFideId "42548195"]
[BlackFideId "1547887"]
[EventDate "2025.05.20"]

1. e4 c6 2. d4 d5 3. e5 c5 4. dxc5 e6 5. Be3 Nd7 6. c4 dxc4 7. Nf3 Bxc5 8. Bxc5
Nxc5 9. Qxd8+ Kxd8 10. Bxc4 Ke7 11. Nc3 Bd7 12. O-O-O Nh6 13. Rd2 Bc6 14. Nd4
Rhd8 15. b4 Nd7 16. Nxc6+ bxc6 17. f4 a5 18. bxa5 Rxa5 19. Bb3 Nb6 20. Rxd8 Kxd8
21. g3 Nd5 22. Ne4 Nf5 23. Rd1 Ke7 24. Kb2 h5 25. Rc1 Nd4 26. Rc4 Nxb3 27. axb3
Ra6 28. b4 Rb6 29. Kb3 f6 30. exf6+ gxf6 31. Nc5 e5 32. fxe5 fxe5 33. Na4 Ra6
34. Re4 Kd6 35. Rh4 Ra8 36. Rxh5 e4 37. Rh6+ Ke5 38. Nc5 e3 39. Rxc6 Re8 40.
Nd3+ Kd4 41. Ne1 e2 42. Nc2+ Kd3 43. Rd6 Ke4 44. b5 Rc8 45. Re6+ Kd3 46. Ne1+
Kd2 47. Nf3+ Kd1 48. Rd6 Rc3+ 49. Kb2 Rd3 0-1

[Event "Titled Tue 20th May Late"]
[Site "chess.com INT"]
[Date "2025.05.20"]
[Round "11"]
[White "Gorbenko, Rustem"]
[Black "Sailer, Mike"]
[Result "1-0"]
[WhiteTitle "CM"]
[WhiteElo "2201"]
[BlackElo "2108"]
[WhiteFideId "14111438"]
[BlackFideId "2012901"]
[EventDate "2025.05.20"]

1. d4 d5 2. c4 Bf5 3. cxd5 Bxb1 4. Qa4+ c6 5. dxc6 Nxc6 6. Rxb1 e5 7. Nf3 Bb4+
8. Bd2 Bxd2+ 9. Nxd2 exd4 10. g3 Qd5 11. Nf3 Ne7 12. Bg2 O-O 13. O-O Rfe8 14.
Rfd1 Qf5 15. Nxd4 Nxd4 16. Qxd4 Nc6 17. Bxc6 bxc6 18. e3 h5 19. h4 Rad8 20. Qxd8
Rxd8 21. Rxd8+ Kh7 22. Rbd1 g5 23. hxg5 h4 24. gxh4 Qg4+ 25. Kf1 Qxh4 26. R8d7
Kg7 27. R1d4 Qxg5 28. Rxa7 Qb5+ 29. Kg2 Qxb2 30. Rg4+ Kf6 31. Rf4+ Ke5 32. Raxf7
Qxa2 33. R7f5+ Kd6 34. Rd4+ Kc7 35. Rf6 Qg8+ 36. Kf1 c5 37. Rdd6 Qc4+ 38. Kg2
Qg4+ 39. Kf1 Qc4+ 40. Ke1 Qc1+ 41. Ke2 Qc4+ 42. Kf3 Qh4 43. Rc6+ Kb7 44. Rb6+
Ka7 45. Rbe6 Qh1+ 46. Ke2 Qh5+ 47. Ke1 Qh1+ 48. Kd2 Qd5+ 49. Ke2 Qh5+ 50. f3
Qh2+ 51. Kd3 Qb2 52. Rf7+ 1-0

[Event "Titled Tue 20th May Late"]
[Site "chess.com INT"]
[Date "2025.05.20"]
[Round "11"]
[White "Tologon tegin, Semetei"]
[Black "Szpar, Milosz"]
[Result "0-1"]
[WhiteTitle "IM"]
[BlackTitle "IM"]
[WhiteElo "2313"]
[BlackElo "2475"]
[WhiteFideId "13800574"]
[BlackFideId "1184989"]
[EventDate "2025.05.20"]

1. d4 Nf6 2. c4 c5 3. d5 e6 4. Nc3 exd5 5. cxd5 d6 6. e4 g6 7. f4 Bg7 8. Nf3 O-O
9. Bd3 b5 10. O-O c4 11. Bc2 b4 12. Ne2 Re8 13. Ng3 Nbd7 14. Be3 a5 15. Re1 Ba6
16. Nd4 Nc5 17. Nc6 Qb6 18. e5 Nfd7 19. Ne4 dxe5 20. Nxc5 Nxc5 21. fxe5 Bb5 22.
Qd4 Bxc6 23. dxc6 Rxe5 24. Qxc4 Rxe3 25. Rxe3 Ne6 26. Re1 Bd4 27. Qd3 Qxc6 28.
Bb3 Nf4 29. Qf1 g5 30. Kh1 Bxe3 31. Rxe3 Rc8 32. Re7 Qc1 33. Bxf7+ Kf8 34. Re1
Qxe1 35. Qxe1 Nd3 36. Qf1 Rc1 37. Qxc1 Nxc1 38. Bc4 Ke7 39. Kg1 Kd6 40. Kf2 Kc5
41. Bg8 h6 42. Ke3 b3 43. axb3 Kb4 44. Kd2 Nxb3+ 45. Kc2 Nd4+ 46. Kd3 Nc6 47.
Ke4 a4 48. Kf5 Na5 49. Kg6 Nc4 50. Kxh6 Nxb2 51. Kxg5 Nc4 52. h4 a3 53. Bxc4
Kxc4 54. h5 a2 55. Kg6 a1=Q 56. g4 Kd5 57. g5 Ke6 58. h6 Qh8 59. h7 Ke7 60. Kh6
Kf7 61. g6+ Kf6 62. Kh5 Qg7 63. Kh4 Qh6+ 64. Kg3 Qxg6+ 65. Kf2 Qxh7 66. Ke1 Qh2
67. Kd1 Ke5 68. Kc1 Kd4 69. Kb1 Kc3 70. Ka1 Qb2# 0-1

[Event "Titled Tue 20th May Late"]
[Site "chess.com INT"]
[Date "2025.05.20"]
[Round "11"]
[White "Kaasen, Tor Fredrik"]
[Black "Kollars, Dmitrij"]
[Result "0-1"]
[WhiteTitle "IM"]
[BlackTitle "GM"]
[WhiteElo "2471"]
[BlackElo "2625"]
[WhiteFideId "1516647"]
[BlackFideId "12909572"]
[EventDate "2025.05.20"]

1. e4 c5 2. Nf3 d6 3. d4 cxd4 4. Nxd4 Nf6 5. Nc3 Nc6 6. Bg5 e6 7. Qd2 a6 8.
O-O-O Bd7 9. Kb1 Be7 10. f3 Nxd4 11. Qxd4 Qc7 12. Qd2 b5 13. h4 h6 14. Be3 h5
15. Ne2 Rc8 16. Rc1 d5 17. e5 Qxe5 18. Bf4 Qf5 19. Nd4 Qh7 20. Bd3 g6 21. Qa5
O-O 22. g4 hxg4 23. h5 Nxh5 24. fxg4 Nxf4 25. Rxh7 Kxh7 26. Qd2 e5 27. Nf3 Bd6
28. Bf1 Kg7 29. Qa5 Bxg4 30. Qxa6 Rfd8 31. Nd2 b4 32. Nb3 Bf5 33. Na5 Rc7 34.
Nb7 Bc8 35. Qxd6 Rxd6 36. Nxd6 Bd7 37. a3 bxa3 38. b3 e4 39. Nb5 Bxb5 40. Bxb5
d4 41. Rd1 f5 42. Rxd4 a2+ 43. Kxa2 Rxc2+ 44. Ka3 Kf6 45. Rd8 e3 46. b4 e2 47.
Re8 Ne6 48. Bxe2 Rxe2 49. b5 Re3+ 50. Kb4 Re4+ 51. Ka5 Nc5 52. Rf8+ Ke7 53. Rg8
Re6 54. Kb4 Nd7 55. Rg7+ Kd6 56. Ka5 f4 57. b6 Nxb6 58. Kxb6 Rf6 59. Kb5 f3 60.
Rxg6 Rxg6 0-1